00556nam a22001577a 4500008004100000040001800041041000800059100002800067245011700095260007000212300001800282500002100300600002300321600003700344650001700381130821s1918 sp gr dspa  aCo-BoUCMbspa00aspa aPalacio ValdES, Armando00aAños de juventud del doctor Angélico (nuevos papeles del doctor Ángel Jiménez)cArmando Palacio Valdés aMadrid (España)bLibreria General de Victoriano Suárezc1918) a354 páginas aIncluye índice aJiménez, Ángel aJiménez, ÁngelvBiografías04aBiografías